LDR 01417nam a2200313 i 4500 001 000000039775 003 CaOOAMICUS 005 20260527090558.0 008 060706s1991 it u000 u ita u 013 $a10931 020 $a88-394-0469-4 040 $aSeMil$bita 100 1 $aBecker, Jürgen,$d<1934- >.$0(OLS)http://semarc/name/19343 240 10$aAuferstehung der Toten im Urchristentum.$0(OLS)http://semarc/title/56839 245 13$aLa resurrezione dei morti nel cristianesimo primitivo /$cJürgen Becker ; edizione italiana a cura di Antonio Cacciari. 260 $aBrescia :$bPaideia,$c1991. 300 $a207 p. ;$c21 cm. 490 0 $aStudi biblici ;$v97 650 4$aCristianesimo primitivo - Risurrezione.$0(OLS)http://semarc/subject/60369 650 4$aBibbia. Nuovo Testamento - Tema [della] Risurrezione.$0(OLS)http://semarc/subject/4664 700 1 $aCacciari, Antonio.$0(OLS)http://semarc/name/19344 830 0$aStudi biblici
;$v97.$0(OLS)http://semarc/title/33 850 $aSeMil 852 $aSeMil$W1$xVenegono$y1$m2WA A 97$j245110$B5930$CSeMilBibl$Z2$F5930 $81 961 $aAcquisto: Distributore 996 $6020$a88-394-0469-4$9(OLS)http://semarc/number/9610 996 $6245$aLa resurrezione dei morti nel cristianesimo primitivo$9(OLS)http://semarc/title/56838 996 $6260$aBrescia :$bPaideia$9(OLS)http://semarc/publisher/29614